Prodotti Kinder Italia - Statistics

Statistiche generali
  • Questo quiz è stato fatto 98 volte
  • Il punteggio medio è 8 su 21
Statistiche sulle risposte
Kinder % Corretto
Bueno/ Bueno white/bueno mini
90%
Maxi
72%
Paradiso
72%
Pinguì
71%
Cereali
67%
Sorpresa
58%
Joy
48%
Cards
47%
Delice
45%
Happy Hippo
41%
Brioss
35%
Cioccolato
29%
Fetta a latte
21%
Pan e cioc
21%
Colazione più
17%
Kinderini
16%
Schoko-bons
15%
Choco fresh
13%
Kornetti
8%
Plumcake
8%
Maxi King
7%
Nessun quiz corrispondente trovato
Distribuzione punteggi
Percentuale di utenti per punteggio
Percentile per numero di risposta
I tuoi punteggi nel tempo
Non hai fatto questo quiz